Jeu du plus petit pays frontalier - Statistiques

Statistiques générales
  • Ce quiz a été pris 1 724 fois
  • Le résultat moyen est 76 sur 152
Réponses sur la Carte
Les réponses sont colorées sur une échelle allant du rouge au vert en fonction du pourcentage des utilisateurs qui les ont devinées à leur premier essai. Vous pouvez retrouver ces pourcentages ci-dessous.
 
Statistiques - réponses
Pays % Correct
Vatican
100%
Italie
93%
Saint-Marin
87%
Slovénie
76%
Croatie
74%
Monténégro
67%
Kosovo
66%
Macédoine du Nord
66%
Albanie
65%
Bulgarie
65%
Grèce
65%
Serbie
65%
Bosnie-Herzégovine
64%
Autriche
63%
Hongrie
63%
République tchèque
63%
Slovaquie
63%
Allemagne
62%
Belgique
62%
France
62%
Liechtenstein
62%
Luxembourg
62%
Monaco
62%
Pays-Bas
62%
Suisse
62%
Andorre
61%
Espagne
61%
Portugal
61%
Maroc
56%
Mauritanie
56%
Gambie
54%
Sénégal
54%
Guinée
52%
Guinée-Bissau
52%
Bénin
51%
Burkina Faso
51%
Cameroun
51%
Côte d'Ivoire
51%
Ghana
51%
Guinée équatoriale
51%
Liberia
51%
Mali
51%
Niger
51%
Nigeria
51%
République du Congo
51%
Sierra Leone
51%
Togo
51%
Burundi
50%
Gabon
50%
Ouganda
50%
République Centrafricaine
50%
Rwanda
50%
Soudan du Sud
50%
Tanzanie
50%
Zimbabwe
50%
Afrique du Sud
49%
Angola
49%
Botswana
49%
Djibouti
49%
Égypte
49%
Érythrée
49%
Eswatini
49%
Éthiopie
49%
Israël
49%
Kenya
49%
Lesotho
49%
Liban
49%
Malawi
49%
Mozambique
49%
Namibie
49%
République démocratique du Congo
49%
Somalie
49%
Soudan
49%
Syrie
49%
Zambie
49%
Arabie Saoudite
48%
Arménie
48%
Azerbaïdjan
48%
Émirats arabes unis
48%
Géorgie
48%
Irak
48%
Jordanie
48%
Koweït
48%
Oman
48%
Qatar
48%
Turkménistan
48%
Turquie
48%
Yémen
48%
Bhoutan
47%
Chine
47%
Iran
47%
Kazakhstan
47%
Kirghizistan
47%
Népal
47%
Ouzbékistan
47%
Tadjikistan
47%
Bangladesh
46%
Birmanie
46%
Cambodge
46%
Inde
46%
Indonésie
46%
Laos
46%
Malaisie
46%
Thaïlande
46%
Viêt Nam
46%
Brunei
45%
Papouasie-Nouvelle-Guinée
45%
Timor oriental
45%
Afghanistan
44%
Corée du Nord
44%
Corée du Sud
44%
Pakistan
44%
Biélorussie
43%
Estonie
43%
Lettonie
43%
Lituanie
43%
Moldavie
43%
Pologne
43%
Roumanie
43%
Russie
43%
Ukraine
43%
Finlande
42%
Norvège
42%
Suède
42%
Mongolie
41%
Algérie
40%
Libye
40%
Tchad
40%
Tunisie
40%
Belize
39%
Canada
39%
Chili
39%
Colombie
39%
Costa Rica
39%
Équateur
39%
Etats-Unis
39%
Guatemala
39%
Guyana
39%
Honduras
39%
Mexique
39%
Nicaragua
39%
Panama
39%
Pérou
39%
Salvador
39%
Suriname
39%
Venezuela
39%
Argentine
38%
Bolivie
38%
Brésil
38%
Danemark
38%
Paraguay
38%
Uruguay
38%
Aucun quiz correspondant
Distribution des résultats
% des personnes avec chaque résultat
Percentile par nombre de réponses
Votre historique - résultats
Vous n’avez pas pris ce quiz